State of the environment in Asia and the Pacific / (Record no. 32258)

MARC details
000 -LEADER
fixed length control field 01904cas a2200493 a 4500
001 - CONTROL NUMBER
control field 11470885
003 - CONTROL NUMBER IDENTIFIER
control field BDDh-ASL
005 - DATE AND TIME OF LATEST TRANSACTION
control field 20231015031353.0
008 - FIXED-LENGTH DATA ELEMENTS--GENERAL INFORMATION
fixed length control field 960909d19852005nyuzx i0 0eng
010 ## - LIBRARY OF CONGRESS CONTROL NUMBER
LC control number 96650559
016 ## - NATIONAL BIBLIOGRAPHIC AGENCY CONTROL NUMBER
Record control number (AMICUS)000015781207
035 ## - SYSTEM CONTROL NUMBER
System control number (OCoLC)ocm35444546
040 ## - CATALOGING SOURCE
Original cataloging agency DLC
Language of cataloging eng
Transcribing agency DLC
Modifying agency AGL
-- MYG
-- VP@
-- CUS
-- OCLCQ
-- DOS
-- OCLCF
-- CUS
-- OCLCA
-- NLC
-- OCLCQ
-- OCLCA
-- OCLCQ
-- BDDh-ASL
042 ## - AUTHENTICATION CODE
Authentication code pcc
043 ## - GEOGRAPHIC AREA CODE
Geographic area code a------
-- p------
050 00 - LIBRARY OF CONGRESS CALL NUMBER
Classification number GE160.A78
Item number S83
070 0# - NATIONAL AGRICULTURAL LIBRARY CALL NUMBER
Classification number GE160.A78
Item number S83
072 #0 - SUBJECT CATEGORY CODE
Subject category code P000
072 #0 - SUBJECT CATEGORY CODE
Subject category code W000
082 00 - DEWEY DECIMAL CLASSIFICATION NUMBER
Classification number 363.70095
Edition number 21
Item number STA
245 00 - TITLE STATEMENT
Title State of the environment in Asia and the Pacific /
Statement of responsibility, etc. Economic and Social Commission for Asia and the Pacific, Asian Development Bank.
260 ## - PUBLICATION, DISTRIBUTION, ETC.
Place of publication, distribution, etc. New York :
Name of publisher, distributor, etc. United Nations
300 ## - PHYSICAL DESCRIPTION
Extent v. :
Other physical details ill. ;
Dimensions 29 cm.
310 ## - CURRENT PUBLICATION FREQUENCY
Current publication frequency Quinquennial
362 1# - DATES OF PUBLICATION AND/OR SEQUENTIAL DESIGNATION
Dates of publication and/or sequential designation Began in 1985; ceased with 2005.
515 ## - NUMBERING PECULIARITIES NOTE
Numbering peculiarities note Issue for 2005 includes summary vol. called: Synthesis.
530 ## - ADDITIONAL PHYSICAL FORM AVAILABLE NOTE
Additional physical form available note Also issued online.
588 ## - SOURCE OF DESCRIPTION NOTE
Source of description note Description based on: 1995.
588 ## - SOURCE OF DESCRIPTION NOTE
Source of description note Latest issue consulted: 2005.
590 ## - LOCAL NOTE (RLIN)
Local note SERBIB/SERLOC merged record
650 #7 - SUBJECT ADDED ENTRY--TOPICAL TERM
Topical term or geographic name entry element Ecology.
Source of heading or term fast
Authority record control number or standard number (OCoLC)fst00901476
651 #0 - SUBJECT ADDED ENTRY--GEOGRAPHIC NAME
Geographic name Asia
General subdivision Environmental conditions.
651 #0 - SUBJECT ADDED ENTRY--GEOGRAPHIC NAME
Geographic name Pacific Area
General subdivision Environmental conditions.
651 #7 - SUBJECT ADDED ENTRY--GEOGRAPHIC NAME
Geographic name Asia.
Source of heading or term fast
Authority record control number or standard number (OCoLC)fst01240495
651 #7 - SUBJECT ADDED ENTRY--GEOGRAPHIC NAME
Geographic name Pacific Area.
Source of heading or term fast
Authority record control number or standard number (OCoLC)fst01243504
710 2# - ADDED ENTRY--CORPORATE NAME
Corporate name or jurisdiction name as entry element United Nations.
Subordinate unit Economic and Social Commission for Asia and the Pacific.
710 2# - ADDED ENTRY--CORPORATE NAME
Corporate name or jurisdiction name as entry element Asian Development Bank.
740 0# - ADDED ENTRY--UNCONTROLLED RELATED/ANALYTICAL TITLE
Uncontrolled related/analytical title State of the environment in Asia and the Pacific. Synthesis.
776 08 - ADDITIONAL PHYSICAL FORM ENTRY
Relationship information Online version:
Title State of the environment in Asia and the Pacific
Record control number (OCoLC)647520846
785 00 - SUCCEEDING ENTRY
Title Green growth, resources and resilience
Record control number (DLC) 2013267014
-- (OCoLC)853577075
906 ## - LOCAL DATA ELEMENT F, LDF (RLIN)
a 7
b cbc
c serials
d u
e ncip
f 19
g n-oclcserc
942 ## - ADDED ENTRY ELEMENTS (KOHA)
Source of classification or shelving scheme Dewey Decimal Classification
Koha item type Books
Holdings
Withdrawn status Lost status Source of classification or shelving scheme Damaged status Not for loan Collection code Home library Current library Shelving location Date acquired Source of acquisition Total Checkouts Full call number Barcode Date last seen Copy number Price effective from Koha item type
    Dewey Decimal Classification     Non-fiction Asiatic Society Library Asiatic Society Library General Stacks 05/06/2023 Donated by National Atlas of Bangladesh Project   363.70095 STA 121074 05/06/2023 C-1 05/06/2023 Books

Powered by Koha